Loading...

Landscapes of urban memory : the sacred and the civic in India's high-tech city /

Bibliographic Details
Main Author: Srinivas, Smriti
Format: Printed Book
Language:English
Published: Minneapolis : University of Minnesota Press, c2001.
Subjects:
LEADER 01162cam a2200253 a 4500
008 010214s2001 mnu b 001 0 eng
999 |c 332699  |d 332699 
010 |a  2001000492 
020 |a 081663615X (HC : alk. paper) 
020 |a 0816636168 (PB : alk. paper) 
043 |a a-ii--- 
082 0 0 |a 307.76/0954  |2 21 
100 1 |a Srinivas, Smriti. 
245 1 0 |a Landscapes of urban memory :  |b the sacred and the civic in India's high-tech city /  |c Smriti Srinivas. 
260 |a Minneapolis :  |b University of Minnesota Press,  |c c2001. 
300 |a xxviii, 329 p. :  |b ill. ;  |c 24 cm. 
504 |a Includes bibliographical references and index. 
650 0 |a High technology industries  |z India  |z Bangalore. 
650 0 |a Urban beautification  |z India  |z Bangalore. 
650 0 |a Hinduism  |x Social aspects  |z India  |z Bangalore. 
942 |c BK 
906 |a 7  |b cbc  |c orignew  |d 1  |e ecip  |f 20  |g y-gencatlg 
955 |a yj05 02-14-01; yj15 02-26-01; yj16 to Dewey 02-27-01; aa11 02-27-01  |a ps10 2002-12-13 bk rec'd, to CIP ver. 
952 |0 0  |1 0  |2 ddc  |4 0  |6 307_760000000000000_0954_SMR_L  |7 0  |9 379756  |a HIS  |b HIS  |c ST1  |d 2019-03-13  |i 26233  |l 0  |o 307.76/0954 SMR/L  |p HIS26233  |r 2019-03-13  |w 2019-03-13  |y BK